| 000 | 00919nam0a2200277 4500 | ||
|---|---|---|---|
| 001 | RU\NLR\bibl\591856 | ||
| 005 | 20250610141304.0 | ||
| 010 |
_a5-9524-1166-5 _98000 |
||
| 021 |
_aRU _b2004-66002 _93255 |
||
| 035 | _a(NLR Aleph) 000583826 | ||
| 090 |
_a1669721 _c1669721 |
||
| 100 | _a20041228d2004 |||y0rusy50 ca | ||
| 101 | 0 | _arus | |
| 102 | _aRU | ||
| 105 | _ay ||||||||| | ||
| 200 | 1 |
_aБлюда из яиц _eРазнообраз. меню для будней и праздников _fЭдуард Алькаев |
|
| 210 |
_aМ. _cЦентрполиграф _d2004 |
||
| 215 |
_a301, [1] с. _d20 |
||
| 606 | 0 |
_aБлюда из яиц _xРецептура _91447560 _3RU\NLR\auth\66613082 |
|
| 686 | _aЛ992.7 | ||
| 700 | 1 |
_aАлькаев _bЭ. Н. _gЭдуард Николаевич _4070 |
|
| 801 | 0 |
_aRU _bNLR _c20041228 _gPSBO |
|
| 801 | 1 |
_aRU _bNLR _c20041228 |
|
| 942 | _cBOOK | ||
| 980 | _aNB | ||